Countries with cheetahs - Statistics

General Stats
  • This quiz has been taken 25 times
  • The average score is 18 of 22
Answer Stats
Answer % Correct
Kenya
100%
Namibia
96%
South Africa
96%
Zimbabwe
96%
Angola
92%
Tanzania
92%
Zambia
92%
Ethiopia
88%
Mozambique
88%
Niger
88%
Botswana
83%
Chad
83%
Mali
83%
South Sudan
83%
Uganda
83%
Eritrea
75%
Swaziland
75%
Algeria
67%
Central African Republic
67%
Burkina Faso
63%
Iran
54%
Benin
50%
No matching quizzes found
Score Distribution
Percent of People with Each Score
Percentile by Number Answered
Your Score History
You have not taken this quiz